2025 NCAA Wrestler Champions - Statistics

General Stats
  • This quiz has been taken 20 times
  • The average score is 8 of 10
Answer Stats
Hint Answer % Correct
133 Lucas Byrd
100%
285 Wyatt Hendrickson
100%
184 Carter Starocci
92%
141 Jesse Mendez
92%
125 Vincent Robinson
85%
165 Mitchell Mesenbrink
77%
149 Ridge Lovett
77%
157 Antrell Taylor
69%
174 Dean Hamiti
69%
197 Stephen Buchanan
69%
No matching quizzes found
Score Distribution
Percent of People with Each Score
Percentile by Number Answered
Your Score History
You have not taken this quiz